Europäische Millionenstädte - Sudden Death - Statistiken

Allgemein
  • Dieses Quiz wurde 1.307 mal gespielt
  • Das Durchschnittsergebnis liegt bei 4 aus 15
Answers on the Grid
Answers color-coded by a green-red scale on the quiz's grid according to % correct below.
Amsterdam
Belgrad
Berlin
Birmingham
Charkiw
Donezk
Ischewsk
Kasan
Krakau
Krasnodar
Leeds
Mailand
Minsk
München
Neapel
Nischni Nowgorod
Odessa
Oslo
Palermo
Perm
Samara
Saporischschja
Saratow
Sofia
Stockholm
Turin
Ufa
Uljanowsk
Valencia
Woronesch
 
Antwortstatistiken
Antwort % Korrekt
Berlin
88%
München
57%
Mailand
49%
Birmingham
33%
Belgrad
29%
Minsk
20%
Charkiw
18%
Sofia
15%
Odessa
11%
Kasan
10%
Nischni Nowgorod
10%
Perm
3%
Ufa
3%
Samara
2%
Woronesch
1%
Keine übereinstimmenden Quizze gefunden
Verteilung der Resultate
Anzahl Personen mit jedem Resultat
Perzentil nach korrekt beantworteten Fragen
Ihre Resultats-Entwicklung
Sie haben dieses Quiz noch nicht gespielt